Children of their fathers : growing up among the Ngoni of Malawi
Saved in:
| Main Author: | |
|---|---|
| Format: | Book |
| Language: | English |
| Published: |
New York :
Holt, Rinehart and Winston,
[1968]
|
| Series: | (Case studies in education and culture)
|
| Subjects: | |
| Tags: |
Add Tag
No Tags, Be the first to tag this record!
|
MARC
| LEADER | 00000cam a2200000 a 4500 | ||
|---|---|---|---|
| 001 | 1/116976 | ||
| 008 | 180706s1968####nyuo ||| |||| ||eng|| | ||
| 040 | |a GR-MyUa |b gre |c GR-MyUa |e AACR2 | ||
| 041 | 0 | |a eng | |
| 082 | 7 | |a 306.08996 |2 (23) | |
| 100 | 1 | |a Read, Margaret. | |
| 245 | 1 | 0 | |a Children of their fathers : |b growing up among the Ngoni of Malawi / |c Margaret Read. |
| 260 | |a New York : |b Holt, Rinehart and Winston, |c [1968] | ||
| 300 | |a 97 σ. : |b φωτ. ; |c 24 εκ. | ||
| 490 | 0 | |a (Case studies in education and culture) | |
| 504 | |a Περιλαμβάνει βιβλιογραφία και ευρετήριο. | ||
| 650 | 0 | |a Ngoni (African people) | |
| 650 | 0 | |a Children |z Malawi. | |
| 852 | |a INST |b LESVOS |e 20180706 |h 306.08996 REA |p 005100060594 |q 005100060594 |t BK |y 0 | ||
| 970 | |a Τζαφέρη |b Ευαγγελία |z 06-07-2018 | ||